| 000 | 00720nam a22001937a 4500 | ||
|---|---|---|---|
| 003 | 0 | ||
| 005 | 20250912154621.0 | ||
| 008 | 250912b xxu||||| |||| 00| 0 eng d | ||
| 020 | _a978-1-032-71067-9 | ||
| 050 |
_aTS 171.4 _b.D47 2025 |
||
| 245 |
_aDesign assessment of sustainable products : _ba conceptual and practical framework / _cedited by Magdalena Wojnarowska and Carlo Ingrao. |
||
| 260 |
_aNew York, NY : _bRoutledge, _c2025. |
||
| 300 |
_axviii, 259 pages : _billustrations ; _c24 cm. |
||
| 504 | _aIncludes bibliographical references and index. | ||
| 650 | _aSustainable design. | ||
| 650 |
_aProduct design _xEnvironmental aspects. |
||
| 650 |
_aIndustrial design _xEnvironmental aspects. |
||
| 942 |
_2lcc _cBK |
||
| 999 |
_c367930 _d367930 |
||